[Event "Preinscritos IRT Online"]
[Site "Chess.com INT"]
[Date "2020.12.26"]
[Round "5"]
[White "Aguayza Rodriguez, Favio Alberto"]
[Black "Cuaical Benavides, Dana Mirtha"]
[Result "0-1"]
[WhiteElo "796"]
[BlackElo "892"]
[PlyCount "30"]
[EventDate "2020.12.26"]
[EventType "swiss"]
[EventRounds "11"]
[EventCountry "ECU"]
[SourceTitle "CBM 200 Extra"]
[Source "ChessBase"]
[SourceDate "2021.03.31"]
[SourceVersion "1"]
[SourceVersionDate "2021.03.31"]
[SourceQuality "1"]

1. d4 e6 2. Nf3 d5 3. a3 Nf6 4. g4 Bd6 5. Bh3 0-0 6. g5 Ne4 7. Nh4 Nxg5 8. f3 Nxh3 9. b3 Qxh4+ 10. Kd2 Qxd4+ 11. Ke1 Qf2+ 12. Kd2 Bf4+ 13. Kd3 Bxc1 14. Qxc1 Nc6 15. Rf1 Qd4# 0-1

[Event "Preinscritos IRT Online"]
[Site "Chess.com INT"]
[Date "2020.12.26"]
[Round "1"]
[White "Aguayza Rodriguez, Favio Alberto"]
[Black "Morales Risco, Hugo Alexander"]
[Result "0-1"]
[WhiteElo "796"]
[BlackElo "1707"]
[PlyCount "56"]
[EventDate "2020.12.26"]
[EventType "swiss"]
[EventRounds "11"]
[EventCountry "ECU"]
[SourceTitle "CBM 200 Extra"]
[Source "ChessBase"]
[SourceDate "2021.03.31"]
[SourceVersion "1"]
[SourceVersionDate "2021.03.31"]
[SourceQuality "1"]

1. e4 c5 2. Nc3 Nc6 3. a4 g6 4. Bc4 Bg7 5. d3 e6 6. Be3 Nge7 7. Qd2 b6 8. Bh6 Bxh6 9. Qxh6 Nd4 10. 0-0-0 a6 11. h3 d6 12. f3 Bd7 13. Nge2 Nec6 14. Qg7 Rf8 15. Qxh7 Nxe2+ 16. Nxe2 Na5 17. Ba2 b5 18. b3 bxa4 19. bxa4 Bxa4 20. Nc3 Bd7 21. g4 Qg5+ 22. Kb1 Rb8+ 23. Ka1 Qf6 24. d4 cxd4 25. Nb1 Qe5 26. c3 dxc3 27. f4 Qb5 28. Nxc3 Qb2# 0-1